000 00507nam a2200181Ia 4500
008 151018s9999 xx 000 0 und d
082 _bRBASDV50998
_a891.463
100 _aरंगराव पाटील
245 _aबोस्बन
250 _b1
260 _bअथर्व
_c2009
300 _a136
600 _aरंगराव पाटील
630 _aबोस्बन
700 _aरंगराव पाटील
730 _aबोस्बन
942 _cBOOK
999 _c1049902
_d1049899